Developments in applied spectroscopy (Record no. 4008)

MARC details
000 -LEADER
fixed length control field 00716nam a2200229Ia 4500
003 - CONTROL NUMBER IDENTIFIER
control field IN-BaIIA
008 - FIXED-LENGTH DATA ELEMENTS--GENERAL INFORMATION
fixed length control field 211028s9999 xx 000 0 eng d
020 ## - INTERNATIONAL STANDARD BOOK NUMBER
International Standard Book Number 0-306-38306-3
040 ## - CATALOGING SOURCE
Transcribing agency IIA Library
080 ## - UNIVERSAL DECIMAL CLASSIFICATION NUMBER
Universal Decimal Classification number 047.1:535.33
Item number DEV-6
245 #0 - TITLE STATEMENT
Title Developments in applied spectroscopy
Remainder of title vol. 6
Statement of responsibility, etc. edited by W. K. Baer, A. J. Perkins and E. L. Grove
260 ## - PUBLICATION, DISTRIBUTION, ETC.
Place of publication, distribution, etc. New York
Name of publisher, distributor, etc. Plenum Press
Date of publication, distribution, etc. 1968
300 ## - PHYSICAL DESCRIPTION
Extent 403p.
650 ## - SUBJECT ADDED ENTRY--TOPICAL TERM
Topical term or geographic name entry element Absorption spectroscopy
9 (RLIN) 1788
650 ## - SUBJECT ADDED ENTRY--TOPICAL TERM
Topical term or geographic name entry element Astronomy and Astrophysics Thesaurus
650 ## - SUBJECT ADDED ENTRY--TOPICAL TERM
Topical term or geographic name entry element Optical spectroscopy
650 ## - SUBJECT ADDED ENTRY--TOPICAL TERM
Topical term or geographic name entry element Spectroscopy
9 (RLIN) 1535
700 ## - ADDED ENTRY--PERSONAL NAME
Personal name Baer, W.K., ed.
9 (RLIN) 7087
700 ## - ADDED ENTRY--PERSONAL NAME
Personal name Grove, E. L., ed.
9 (RLIN) 6972
700 ## - ADDED ENTRY--PERSONAL NAME
Personal name Perkins, Alfred J., ed.
9 (RLIN) 7088
942 ## - ADDED ENTRY ELEMENTS (KOHA)
Koha item type Books
Holdings
Withdrawn status Lost status Damaged status Not for loan Home library Current library Shelving location Date acquired Cost, normal purchase price Total Checkouts Full call number Barcode Date last seen Cost, replacement price Price effective from Koha item type Purchase Price
        IIA Library-Bangalore IIA Library-Bangalore General Stacks 08/09/1972 170.31   047.1:535.33/ DEV-6 4474 05/11/2021 170.31 08/09/1972 Books Rs. 170.31

Powered by Koha